000 00811nam a2200205Ii 4500
003 JO-AjNU
008 230605s9999||||xx |||||||||||||| ||und||
040 _aJO-AjNU
_bara
_erda
_cJO-AjNU
041 _aara
050 1 4 _aBP166.2.A3222 1984
100 3 _aجمع وتحقيق وترتيب وتعليق العفيفي، طه عبد الله,
_eauthor
_939062
245 0 0 _aمن أفعال الرسول صلى الله عليه وسلم في الطهارة والصلاة
250 _aط2
264 3 1 _aبيروت-القاهرة: دار الجيل ، مكتبة الزهراء، 1984
300 _a212ص
336 _atext
_btxt
_2rdacontent
337 _aunmediated
_bn
_2rdamedia
338 _avolume
_bnc
_2rdacarrier
650 4 _aالطهارة- الصلاة- العبادات- فقه اسلامي
_939063
999 _aA16466
_c20034
_d20034